| 000 | 00448nam a2200145Ia 4500 | ||
|---|---|---|---|
| 008 | 230917s9999||||xx |||||||||||||| ||und|| | ||
| 040 |
_e196222 _aMAIN |
||
| 041 | _aEnglish | ||
| 082 | _a891.491503741 DR536N | ||
| 100 | _aधनखड़, राजबीर सिहं | ||
| 245 | 0 | _aनिर्मला | |
| 260 |
_aदिल्ली _bनिर्मल पब्लिकेशन्स _c2009 |
||
| 300 | _a120 पृ. p. | ||
| 942 | _cHN | ||
| 999 |
_c159456 _d159456 |
||